Loading...
| Philosophy | 0 | 5 | 0 | 0 | 50 | 47 | 67.80 | 0 | 3 | 0.00 | 0.00 |
| Religion | 0 | 5 | 2 | 3 | 40 | 16 | 78.80 | 1 | 3 | 0.00 | 0.00 |
| Literature - European | 0 | 4 | 0 | 0 | 40 | 72 | 85.00 | 0 | 1 | 0.00 | 0.00 |
| History - American | 0 | 4 | 1 | 1 | 35 | 28 | 70.75 | 1 | 1 | 0.00 | 0.00 |
| Fine Arts - Painting and Sculpture | 0 | 3 | 0 | 0 | 30 | 33 | 52.00 | 1 | 3 | 0.00 | 0.00 |
| Fine Arts - Classical Music | 0 | 3 | 2 | 1 | 20 | 75 | 92.67 | 0 | 0 | 0.00 | 0.00 |
| History - European | 0 | 3 | 2 | 0 | 20 | 23 | 50.67 | 0 | 1 | 0.00 | 0.00 |
| Literature - British | 0 | 2 | 1 | 0 | 15 | 28 | 44.00 | 0 | 2 | 0.00 | 0.00 |
| Literature - World | 0 | 1 | 0 | 0 | 10 | 92 | 92.00 | 0 | 0 | 0.00 | 0.00 |
| Science - Physics | 0 | 2 | 2 | 1 | 10 | 78 | 92.00 | 0 | 0 | 0.00 | 0.00 |
| Literature - American | 0 | 1 | 0 | 0 | 10 | 112 | 112.00 | 0 | 0 | 0.00 | 0.00 |
| History - World | 0 | 2 | 2 | 0 | 10 | 68 | 70.00 | 0 | 0 | 0.00 | 0.00 |
| Science - Chemistry | 0 | 1 | 1 | 1 | 5 | 103 | 103.00 | 0 | 1 | 0.00 | 0.00 |
| Geography | 0 | 1 | 1 | 1 | 5 | 110 | 110.00 | 0 | 0 | 0.00 | 0.00 |
| History - Other | 0 | 2 | 3 | 0 | 5 | 19 | 45.00 | 1 | 1 | 0.00 | 0.00 |
| Science - Other | 0 | 0 | 0 | 0 | 0 | 0.00 | 0 | 0 | 0.00 | 0.00 | |
| Current Events | 0 | 0 | 1 | 0 | -5 | 0.00 | 0 | 0 | 0.00 | 0.00 | |
| Fine Arts - Other | 0 | 0 | 1 | 0 | -5 | 0.00 | 0 | 0 | 0.00 | 0.00 | |
| Popular Culture | 0 | 0 | 1 | 0 | -5 | 0.00 | 0 | 0 | 0.00 | 0.00 | |
| Social Science | 0 | 0 | 2 | 0 | -10 | 0.00 | 0 | 0 | 0.00 | 0.00 | |
| Mythology | 0 | 0 | 3 | 0 | -15 | 0.00 | 0 | 0 | 0.00 | 0.00 |